000 00625nam a22001577a 4500
003 OSt
005 20151102141736.0
008 151102b xxu||||| |||| 00| 0 eng d
040 _cRUA
082 _aFOR អុង​ 1992 B117 Or.1
100 _93183
_aអុង ហុកថាវរៈ
245 _aគំរោងនៃការរៀបចំព្រៃបំរុងទុកក្តុលក្នុងស្រុកទឹកផុស ខេត្តកំពង់ឆ្នាំងដើម្បីទាញយកអុស
260 _aPhnom Penh
_bRUA
_c1992
300 _a81p.
_bill.
_c29cm.
942 _2ddc
_cFOR
999 _c2971
_d2971